|
|
|
|
| LEADER |
00000naa a2200000uu 4500 |
| 001 |
vtls010918009 |
| 003 |
SK-MaSNL |
| 005 |
20260302131543.0 |
| 008 |
220808|1987 xo |||||||||||||||||slo| |
| 015 |
|
|
|a SNBRA
|
| 035 |
|
|
|a (urnnbn)urn:nbn:sk:snk:ar-a0cxk6
|
| 035 |
|
|
|a (uuid)dc7e4d4b-b79f-4590-a8de-aa57715945be
|
| 035 |
|
|
|a urn:nbn:sk:snk-aatm9p
|
| 040 |
|
|
|a SNKBUCL
|b slo
|c SNKBUCL
|e AACR2
|
| 041 |
0 |
|
|a slo
|
| 044 |
|
|
|a xo
|c SK
|
| 245 |
0 |
0 |
|a HAŽLINSKÝ, Rudolf (Hazslinszky)
|b historik, stredoškolský profesor (4. 12. 1869 Prešov - 19. 9. 1914 Rožňava)
|
| 655 |
|
7 |
|a biografické heslá
|2 SNKPH
|9 368942
|
| 773 |
0 |
|
|t Slovenský biografický slovník : (od roku 833 do roku 1990). II. zväzok, E-J
|d Martin : Matica slovenská, 1987
|g S. 303
|
| 954 |
|
|
|a odborná, vedecká literatúra pôvodná (slovenská)
|2 lita
|
| 958 |
|
|
|a BX
|
| 958 |
|
|
|a OND
|
| 958 |
|
|
|a chapter
|
| 958 |
|
|
|a article25
|
| 999 |
|
|
|c 1308680
|d 1310610
|